Ekodizajn výrobkov a nový energetický štítok
Smernica Európskeho parlamentu a Rady 2005/32/ES o ekodizajne výrobkov využívajúcich energiu. Nové energetické štítky a grafické riešenie prináša komplexnejší pohľad na spotrebu energie. Ochrana životného prostredia a prínos pre spotrebiteľov.
Na minha lista:
| Autor principal: | |
|---|---|
| Outros Autores: | |
| Formato: | Capítulo de Livro |
| Idioma: | eslovaco |
| Assuntos: | |
| Tags: |
Sem tags, seja o primeiro a adicionar uma tag!
|
MARC
| LEADER | 00000naa$a2200000$$$4500 | ||
|---|---|---|---|
| 001 | 0146478 | ||
| 005 | 20240530103204.3 | ||
| 041 | 0 | |a slo | |
| 044 | |a SK | ||
| 245 | 1 | 0 | |a Ekodizajn výrobkov a nový energetický štítok |c Ľubica Knošková, Andrej Hrdlička |
| 520 | |a Smernica Európskeho parlamentu a Rady 2005/32/ES o ekodizajne výrobkov využívajúcich energiu. Nové energetické štítky a grafické riešenie prináša komplexnejší pohľad na spotrebu energie. Ochrana životného prostredia a prínos pre spotrebiteľov. | ||
| 610 | 2 | 0 | |a výrobky priemyselné |
| 610 | 2 | 0 | |a kvalita výrobkov |
| 610 | 2 | 0 | |a označovanie tovarov |
| 610 | 2 | 0 | |a značky environmentálne |
| 610 | 2 | 0 | |a etikety |
| 610 | 2 | 0 | |a spotreba energie |
| 610 | 2 | 0 | |a ochrana prostredia životného |
| 610 | 2 | 0 | |a smernice |
| 610 | 2 | 0 | |a Európska únia |
| 100 | 1 | |a Knošková, Ľubica, 1965- | |
| 700 | 1 | |a Hrdlička, Andrej | |